Statistics for Random Asian Cities Map Quiz

Click here to take the quiz!

General Stats

  • This quiz has been taken 960 times
  • The average score is 14 of 20

Answers on the Map

Answers color-coded by a green-red scale on the quiz's map according to % correct below.
 

Answer Stats

Answer% Correct
Amman
100%
Ankara
100%
Ashgabat
100%
Baku
100%
Bangkok
100%
Chongqing
100%
Colombo
100%
Delhi
100%
Dili
100%
Dushanbe
100%
Faisalabad
100%
Gaziantep
100%
Hanoi
100%
Ho Chi Minh City
100%
Hong Kong
100%
Istanbul
100%
Jeddah
100%
Karachi
100%
Kathmandu
100%
Kolkata
100%
Kuala Lumpur
100%
Kuwait City
100%
Makassar
100%
Manama
100%
Manila
100%
Medina
100%
Mumbai
100%
Nanjing
100%
Naypyidaw
100%
Nicosia
100%
Phnom Penh
100%
Pyongyang
100%
Singapore
100%
Surabaya
100%
Tel Aviv
100%
Ulaanbaatar
100%
Yangon
100%
Yekaterinburg
100%
Taipei
90%
Osaka
89%
Vladivostok
89%
Astana
88%
Beijing
86%
Busan
85%
Denpasar
83%
Dhaka
83%
Guiyang
83%
Izmir
83%
Novosibirsk
83%
Taichung
83%
Bandar Seri Begawan
82%
Baghdad
80%
Guwahati
80%
Hiroshima
80%
Islamabad
80%
Kaohsiung
80%
Khabarovsk
80%
Lhasa
80%
Malé
80%
Muscat
80%
Petropavlovsk-Kamchatskiy
80%
Salalah
80%
Sapporo
80%
Seoul
80%
Sharm El-Sheikh
80%
Tbilisi
80%
Tokyo
80%
Yakutsk
80%
Kota Kinabalu
78%
Mecca
78%
Aden
75%
Beirut
75%
Changchun
75%
Chiang Mai
75%
Jakarta
75%
Mashhad
75%
Niigata
75%
Omsk
75%
Patna
75%
Pattaya
75%
Siem Reap
75%
Thimphu
75%
Mosul
73%
Abu Dhabi
71%
Basra
71%
Daegu
71%
Nagoya
71%
Nagpur
71%
Antalya
67%
Bengaluru
67%
Bishkek
67%
Cebu
67%
Fuzhou
67%
Haikou
67%
Hangzhou
67%
Isfahan
67%
Kandahar
67%
Malacca
67%
Palembang
67%
Samarkand
67%
Tashkent
67%
Tehran
67%
Vientiane
67%
Krasnoyarsk
64%
Zhengzhou
63%
Chelyabinsk
60%
Mandalay
60%
Shanghai
60%
Shiraz
60%
Chennai
57%
Davao
57%
Fukuoka
57%
Harbin
57%
Lahore
57%
Shijiazhuang
57%
Wuhan
57%
Chengdu
56%
Doha
56%
Jaffna
56%
Sendai
56%
Shenzhen
56%
Ahmedabad
50%
Aleppo
50%
Almaty
50%
Balikpapan
50%
Banda Aceh
50%
Chittagong
50%
Dammam
50%
Dubai
50%
Haiphong
50%
Hyderabad
50%
Kabul
50%
Kashgar
50%
Konya
50%
Kumamoto
50%
Luang Prabang
50%
Medan
50%
Sanya
50%
Sochi
50%
Srinagar
50%
Tabriz
50%
Tianjin
50%
Ürümqi
50%
Vinh
50%
Xi'an
50%
Yerevan
50%
Bursa
44%
Surat
44%
Chandigarh
43%
Jaipur
43%
Kuching
43%
Sana'a
43%
Bandung
40%
Gujranwala
40%
Gwangju
40%
Hamhung
40%
Irkutsk
40%
Yogyakarta
40%
Erbil
38%
Shantou
38%
Visakhapatnam
38%
Wenzhou
36%
Jeju
33%
Multan
33%
Changsha
29%
Kunming
29%
Pune
29%
Qingdao
29%
Coimbatore
27%
Bhilai
25%
Dalian
25%
Hefei
25%
Jinan
25%
Kochi
25%
Nanchang
25%
Phuket
25%
Taiyuan
25%
Xining
25%
Guangzhou
20%
Homs
20%
Xiamen
20%
Yinchuan
20%
Can Tho
17%
Lanzhou
17%
Ningbo
17%
Shenyang
17%
Yantai
17%
Naha
14%
Xuzhou
14%
Hohhot
11%
Adana
0%
Chita
0%
Damascus
0%
Danang
0%
George Town
0%
Guilin
0%
Hyderabad
0%
Indore
0%
Lucknow
0%
Nanning
0%

Score Distribution

Percentile by Number Answered

Percent of People with Each Score

Your Score History

You have not taken this quiz